| 000 | 00809nam a2200253Ia 4500 | ||
|---|---|---|---|
| 003 | OSt | ||
| 005 | 20220918171357.0 | ||
| 006 | a|||||r|||| 00| 0 | ||
| 007 | ta | ||
| 008 | 220917b |||||||| |||| 00| 0 eng d | ||
| 020 |
_a9781588264657 (pbk) _c36036.00 |
||
| 024 | _a233,251 | ||
| 037 |
_b84643, 17/10/2007, International Book Distributors _cTextual |
||
| 040 |
_aARTS _cARTS _beng |
||
| 041 |
_2eng _aeng |
||
| 082 | _a40aY:47.6, P7 | ||
| 100 |
_aFrere Marie-Soleil _936181 |
||
| 245 | 0 | _aThe media and conflicts in centrol Africa | |
| 260 |
_aLondon _bLynne Rienner UK _c2007 |
||
| 300 |
_aviii,286p. _ccm. |
||
| 650 |
_aJOUNRALISM _93876 |
||
| 942 |
_h40aY:47.6, P7 _cTEXL _2CC |
||
| 999 |
_c139282 _d139282 |
||